[Event "Bretagne op-B"]
[Site "Queven"]
[Date "1999.??.??"]
[Round "1"]
[White "Simon, Bernard"]
[Black "Drean, David"]
[Result "1-0"]
[WhiteElo "1480"]
[BlackElo "1110"]
[PlyCount "69"]
[EventDate "1999.06.??"]
[EventType "swiss"]
[EventRounds "7"]
[EventCountry "FRA"]
[SourceTitle "EXT 2001"]
[Source "ChessBase"]
[SourceDate "2000.11.22"]
[SourceVersion "1"]
[SourceVersionDate "2000.11.22"]
[SourceQuality "1"]

1. e4 e6 2. d4 d5 3. e5 c5 4. c3 Nc6 5. Nf3 Qb6 6. Be2 Nh6 7. Na3 Nf5 8. Nc2 Bd7 9. 0-0 Be7 10. Rb1 0-0 11. a3 c4 12. Ne3 Bxa3 13. Nxf5 exf5 14. Qc2 Be7 15. b3 Qc7 16. bxc4 dxc4 17. Bxc4 Be6 18. Bd3 g6 19. Bg5 a5 20. h4 f6 21. Bf4 fxe5 22. dxe5 a4 23. Ng5 Bb3 24. Qe2 Bxg5 25. Bxg5 Nxe5 26. Bf4 Rfe8 27. Rfe1 Bc4 28. Bxc4+ Nxc4 29. Qxe8+ Rxe8 30. Rxe8+ Kf7 31. Bxc7 Kxe8 32. Rxb7 a3 33. Ra7 Kd7 34. Ba5+ Kc6 35. Bb4 1-0